[Event "Paul Keres mem (30th)"]
[Site "Vancouver CAN"]
[Date "2005.05.21"]
[Round "2.13"]
[White "Collins, Casey"]
[Black "Schuetzhold, Ralf"]
[Result "0-1"]
[WhiteElo "1716"]
[BlackElo "2016"]
[PlyCount "68"]
[GameId "2160767910968249"]
[EventDate "2005.05.20"]
[EventType "swiss"]
[EventRounds "7"]
[EventCountry "CAN"]

1. d4 Nf6 2. c4 e6 3. Nf3 b6 4. g3 Ba6 5. e3 Be7 6. Qc2 d5 7. b3 O-O 8. Bd3 Bb7 9. Nbd2 c5 10. Bb2 Nc6 11. a3 cxd4 12. cxd5 dxe3 13. dxc6 exd2+ 14. Nxd2 Rc8 15. O-O Bxc6 16. Bxf6 Bxf6 17. Rac1 g6 18. Rfd1 Qe7 19. Qa2 Qb7 20. Bf1 Rfd8 21. Nc4 Bd5 22. Ne3 Bf3 23. Rxd8+ Rxd8 24. Bg2 Bg5 25. Bxf3 Qxf3 26. Re1 Bxe3 27. fxe3 Qd5 28. Qc2 Qd2 29. Re2 Qxc2 30. Rxc2 Rd3 31. Rc7 a5 32. b4 Rxa3 33. bxa5 bxa5 34. Kf2 Ra2+ 0-1

[Event "Paul Keres mem (30th)"]
[Site "Vancouver CAN"]
[Date "2005.05.21"]
[Round "2.14"]
[White "Davies, Noam"]
[Black "Sullivan, Brian"]
[Result "1-0"]
[WhiteElo "1994"]
[BlackElo "1706"]
[PlyCount "79"]
[GameId "2160767910968250"]
[EventDate "2005.05.20"]
[EventType "swiss"]
[EventRounds "7"]
[EventCountry "CAN"]

1. e4 c5 2. Nf3 d6 3. d4 cxd4 4. Nxd4 e5 5. Nb5 a6 6. N5a3 Nf6 7. Bg5 Be6 8. c4 Nbd7 9. Nc3 Be7 10. f3 O-O 11. Qd2 Rc8 12. Be2 h6 13. Bh4 g5 14. Bf2 Nh5 15. g3 Ng7 16. g4 h5 17. h3 h4 18. O-O Nb6 19. Nd5 Nxd5 20. cxd5 Bd7 21. Nc4 Bb5 22. b3 Bxc4 23. bxc4 Qc7 24. Rab1 Qb8 25. Rb3 Rc7 26. Rfb1 Qc8 27. Rb6 Qd7 28. Qb4 f5 29. gxf5 Nxf5 30. exf5 Qxf5 31. Rxb7 Rxb7 32. Qxb7 Rf7 33. Qb3 e4 34. Qe3 exf3 35. Rb8+ Kg7 36. Bf1 g4 37. Bd3 Qf6 38. Qe4 Kh6 39. Be3+ Kh5 40. hxg4# 1-0

[Event "Paul Keres mem (30th)"]
[Site "Vancouver CAN"]
[Date "2005.05.21"]
[Round "2.15"]
[White "Yousefzadeh, Mehrdad"]
[Black "Raymer, Evan"]
[Result "1-0"]
[WhiteElo "1988"]
[BlackElo "1651"]
[PlyCount "63"]
[GameId "2160767910968251"]
[EventDate "2005.05.20"]
[EventType "swiss"]
[EventRounds "7"]
[EventCountry "CAN"]

1. d4 d5 2. c4 e6 3. Nc3 Nf6 4. Bg5 Be7 5. e3 O-O 6. Nf3 g6 7. cxd5 exd5 8. Bd3 Be6 9. O-O h6 10. Bh4 Nbd7 11. Rc1 c5 12. Qe2 Rc8 13. Ba6 Ra8 14. Rfd1 Re8 15. Bg3 cxd4 16. Nb5 d3 17. Rxd3 Nc5 18. Bc7 Nxd3 19. Qxd3 Qd7 20. Ne5 Bf5 21. Qd1 Bg4 22. Nxd7 Bxd1 23. Nxf6+ Bxf6 24. Rxd1 Re7 25. Bd6 Rd7 26. b3 Rad8 27. Bc7 Rf8 28. Bg3 Rfd8 29. Nd4 Kf8 30. Kf1 Bxd4 31. Rxd4 Ke7 32. Bb5 1-0

[Event "Paul Keres mem (30th)"]
[Site "Vancouver CAN"]
[Date "2005.05.21"]
[Round "2.16"]
[White "Chan, James"]
[Black "Cameanii, Valerii"]
[Result "1-0"]
[WhiteElo "1951"]
[BlackElo "1500"]
[PlyCount "57"]
[GameId "2160767910968252"]
[EventDate "2005.05.20"]
[EventType "swiss"]
[EventRounds "7"]
[EventCountry "CAN"]

1. e4 e5 2. Nf3 Nc6 3. Bc4 Nf6 4. Ng5 d5 5. exd5 Na5 6. Bb5+ c6 7. dxc6 bxc6 8. Qf3 Bb7 9. Ba4 Be7 10. O-O O-O 11. d3 c5 12. Qe2 Qd6 13. Nc3 a6 14. Re1 Qd8 15. Bd2 Nc6 16. Bxc6 Bxc6 17. Qxe5 Bd6 18. Qf5 h6 19. Nge4 Nxe4 20. Nxe4 Bxe4 21. Rxe4 Re8 22. Rxe8+ Qxe8 23. Re1 Qb8 24. Bc3 Bxh2+ 25. Kh1 Bd6 26. Re4 Bf8 27. Rg4 Qd6 28. Be5 Qd5 29. Qf6 1-0

[Event "Paul Keres mem (30th)"]
[Site "Vancouver CAN"]
[Date "2005.05.21"]
[Round "3"]
[White "Kaminski, Victor"]
[Black "Davies, Lucas"]
[Result "1/2-1/2"]
[WhiteElo "2055"]
[BlackElo "2170"]
[PlyCount "43"]
[GameId "2160767910968253"]
[EventDate "2005.05.20"]
[EventType "swiss"]
[EventRounds "7"]
[EventCountry "CAN"]
[SourceTitle "CBM 106 Extra"]
[Source "ChessBase"]
[SourceDate "2005.07.01"]
[SourceVersion "1"]
[SourceVersionDate "2005.07.01"]
[SourceQuality "1"]

1. d4 Nf6 2. Nf3 g6 3. Bg5 Bg7 4. Nbd2 O-O 5. c3 d5 6. e3 b6 7. Bd3 Ba6 8. Bxa6 Nxa6 9. O-O c5 10. Qa4 Qc8 11. Ne5 c4 12. e4 Nc7 13. Qc6 Rd8 14. exd5 b5 15. Bxf6 Bxf6 16. Ne4 Bxe5 17. dxe5 Rxd5 18. f4 Rb8 19. Nd6 Qd8 20. Nb7 Qc8 21. Nd6 Qd8 22. Nb7 1/2-1/2

[Event "Paul Keres mem (30th)"]
[Site "Vancouver CAN"]
[Date "2005.05.21"]
[Round "3"]
[White "Yearwood, Roy"]
[Black "Quilter, Thomas"]
[Result "0-1"]
[WhiteElo "2072"]
[BlackElo "2190"]
[PlyCount "58"]
[GameId "2160767910968254"]
[EventDate "2005.05.20"]
[EventType "swiss"]
[EventRounds "7"]
[EventCountry "CAN"]
[SourceTitle "CBM 106 Extra"]
[Source "ChessBase"]
[SourceDate "2005.07.01"]
[SourceVersion "1"]
[SourceVersionDate "2005.07.01"]
[SourceQuality "1"]

1. e4 d5 2. exd5 Nf6 3. d4 Bg4 4. Be2 Bxe2 5. Nxe2 Qxd5 6. O-O Nc6 7. c3 O-O-O 8. Qb3 Qh5 9. Nf4 Qa5 10. a4 e5 11. dxe5 Qxe5 12. Qxf7 Re8 13. Be3 g5 14. Nd3 Qf5 15. Qc4 Bd6 16. Nd2 Qg6 17. a5 Qh5 18. h3 a6 19. Bc5 Qe2 20. Bxd6 cxd6 21. Nb4 Qxd2 22. Nxc6 d5 23. Qd4 Ne4 24. Qb6 Qf4 25. Na7+ Kb8 26. Ra4 Qc7 27. Qd4 Qc5 28. f3 Qxd4+ 29. Rxd4 Ng3 0-1

[Event "Paul Keres mem (30th)"]
[Site "Vancouver CAN"]
[Date "2005.05.21"]
[Round "3.1"]
[White "Yoos, John"]
[Black "Orlov, Georgi"]
[Result "1-0"]
[WhiteElo "2417"]
[BlackElo "2612"]
[PlyCount "115"]
[GameId "2160767910968255"]
[EventDate "2005.05.20"]
[EventType "swiss"]
[EventRounds "7"]
[EventCountry "CAN"]

1. e4 d6 2. d4 Nf6 3. Nc3 g6 4. Be3 c6 5. Nf3 Bg7 6. Qd2 O-O 7. Bh6 Bg4 8. Bxg7 Kxg7 9. Ng1 e5 10. f3 Be6 11. O-O-O Qa5 12. d5 cxd5 13. exd5 Bd7 14. Kb1 Na6 15. g4 Nc5 16. Nge2 b5 17. g5 Nh5 18. Ng3 Nf4 19. Nxb5 Qb6 20. Na3 Na4 21. Nc4 Qb8 22. b3 Nxd5 23. Ne4 Be6 24. Qa5 Nc5 25. Nexd6 Nb7 26. Nxb7 Qxb7 27. Qe1 Kg8 28. Qxe5 Rac8 29. Qb2 Nf4 30. Nd6 Qxf3 31. Ba6 Rc6 32. Rhf1 Rxd6 33. Rxd6 Qe3 34. Qd4 Qxd4 35. Rxd4 Nh3 36. Bb7 Nxg5 37. h4 Bh3 38. Rh1 Ne6 39. Rb4 Bf5 40. Be4 a5 41. Rc4 Bg4 42. Re1 h5 43. Ra4 g5 44. hxg5 Nxg5 45. Bd5 Kg7 46. Rxa5 f5 47. Ra7+ Kg6 48. Ra6+ Rf6 49. Rxf6+ Kxf6 50. a4 Nf3 51. Re6+ Kg5 52. a5 h4 53. a6 h3 54. a7 h2 55. Re1 Nxe1 56. a8=Q Kh4 57. Qh8+ Kg3 58. Qe5+ 1-0

[Event "Paul Keres mem (30th)"]
[Site "Vancouver CAN"]
[Date "2005.05.21"]
[Round "3.2"]
[White "Schulte, Oliver"]
[Black "Berry, Jonathan"]
[Result "1/2-1/2"]
[WhiteElo "2435"]
[BlackElo "2306"]
[PlyCount "23"]
[GameId "2160767910968256"]
[EventDate "2005.05.20"]
[EventType "swiss"]
[EventRounds "7"]
[EventCountry "CAN"]

1. e4 e5 2. Nf3 Nc6 3. Bc4 Nf6 4. d3 Bc5 5. O-O d6 6. a4 a6 7. c3 Qe7 8. d4 Ba7 9. d5 Nd8 10. Bd3 g6 11. c4 Nh5 12. Nc3 1/2-1/2

[Event "Paul Keres mem (30th)"]
[Site "Vancouver CAN"]
[Date "2005.05.21"]
[Round "3.4"]
[White "McLaren, Brian"]
[Black "Lane, Travis"]
[Result "1/2-1/2"]
[WhiteElo "2246"]
[BlackElo "1989"]
[PlyCount "50"]
[GameId "2160767910968257"]
[EventDate "2005.05.20"]
[EventType "swiss"]
[EventRounds "7"]
[EventCountry "CAN"]

1. e4 c5 2. Nc3 Nc6 3. g3 g6 4. Bg2 Rb8 5. d3 b5 6. Be3 b4 7. Nce2 Bg7 8. c3 bxc3 9. bxc3 Qa5 10. Qd2 d6 11. Nf3 Nf6 12. h3 Ba6 13. O-O Qb5 14. Rfd1 Nxe4 15. Qe1 Nf6 16. Rab1 Qa4 17. Nfd4 d5 18. Nxc6 Rxb1 19. Rxb1 Qxc6 20. c4 e6 21. Qa5 Nd7 22. cxd5 exd5 23. Nf4 O-O 24. Nxd5 Qd6 25. Rc1 Bxd3 1/2-1/2

[Event "Paul Keres mem (30th)"]
[Site "Vancouver CAN"]
[Date "2005.05.21"]
[Round "3.6"]
[White "Tegzes, Laszlo"]
[Black "Wu, Howard"]
[Result "0-1"]
[WhiteElo "2051"]
[BlackElo "2160"]
[PlyCount "136"]
[GameId "2160767910968258"]
[EventDate "2005.05.20"]
[EventType "swiss"]
[EventRounds "7"]
[EventCountry "CAN"]

1. e4 c5 2. c3 Nf6 3. e5 Nd5 4. d4 cxd4 5. Nf3 Nc6 6. cxd4 g6 7. Bc4 Nb6 8. Bb3 Bg7 9. O-O O-O 10. Bf4 d5 11. h3 Bf5 12. Na3 Nb4 13. Qd2 a5 14. Bh6 Qd7 15. Bxg7 Kxg7 16. Ne1 Rfc8 17. g4 Be6 18. f4 f5 19. exf6+ exf6 20. Qf2 f5 21. g5 Nc4 22. Qe2 a4 23. Bd1 Bf7 24. Nf3 Nc6 25. Nxc4 dxc4 26. Bc2 Re8 27. Qd2 Qd5 28. Rad1 b5 29. a3 Rad8 30. Qc3 Re2 31. Rf2 Rxf2 32. Kxf2 Kg8 33. Qe3 Qd6 34. h4 Bd5 35. Ne5 Rb8 36. Rd2 Bf7 37. h5 Ne7 38. h6 Nd5 39. Qf3 Rc8 40. Bd1 Rc7 41. Rc2 Nb6 42. Qe3 Bd5 43. Bf3 Re7 44. Rd2 Bxf3 45. Qxf3 Qd5 46. Qxd5+ Nxd5 47. Kf3 Rc7 48. Rc2 c3 49. bxc3 Rxc3+ 50. Rxc3 Nxc3 51. Nc6 Nd5 52. Ke2 b4 53. axb4 a3 54. Na5 a2 55. Nb3 Nxb4 56. Kd2 Nd5 57. Kc1 Nxf4 58. Kb2 Kf7 59. Nd2 Ke6 60. Kxa2 Kd5 61. Nf3 Ke4 62. Nh4 Kxd4 63. Kb3 Ke3 64. Kc3 Kf2 65. Kd4 Kg3 66. Nxf5+ gxf5 67. Ke5 Kg4 68. Kf6 Nh5+ 0-1

[Event "Paul Keres mem (30th)"]
[Site "Vancouver CAN"]
[Date "2005.05.21"]
[Round "3.7"]
[White "Krzyzowski, Ernest"]
[Black "Meng, Fanhao"]
[Result "0-1"]
[WhiteElo "1653"]
[BlackElo "2255"]
[PlyCount "60"]
[GameId "2160767910968259"]
[EventDate "2005.05.20"]
[EventType "swiss"]
[EventRounds "7"]
[EventCountry "CAN"]

1. c4 g6 2. Nc3 Bg7 3. e4 d6 4. Nge2 Nd7 5. d4 e5 6. Be3 Ne7 7. Qd2 f5 8. f3 O-O 9. O-O-O Rf7 10. Bg5 Qf8 11. Kb1 Nc6 12. d5 Ncb8 13. exf5 gxf5 14. Be3 Nf6 15. g3 Nbd7 16. Ng1 Nb6 17. Bd3 Bd7 18. Rc1 Re8 19. b3 c5 20. Nge2 Nc8 21. h3 Ne7 22. Rcg1 Ng6 23. Rh2 e4 24. fxe4 fxe4 25. Bc2 Ne5 26. Nf4 Nf3 27. Qg2 Nxh2 28. Nxe4 Nxe4 29. Bxe4 Rxe4 30. Qxe4 Bf5 0-1

[Event "Paul Keres mem (30th)"]
[Site "Vancouver CAN"]
[Date "2005.05.21"]
[Round "3.8"]
[White "Davies, Noam"]
[Black "Afrah, Navid"]
[Result "0-1"]
[WhiteElo "1994"]
[BlackElo "2100"]
[PlyCount "56"]
[GameId "2160767910968260"]
[EventDate "2005.05.20"]
[EventType "swiss"]
[EventRounds "7"]
[EventCountry "CAN"]

1. e4 e6 2. d4 d5 3. Nd2 Nf6 4. e5 Nfd7 5. Bd3 c5 6. c3 Nc6 7. Ne2 Qb6 8. Nf3 Be7 9. O-O Nf8 10. b3 cxd4 11. cxd4 Ng6 12. Bb2 Nb4 13. Bb1 O-O 14. a3 Nc6 15. Bd3 Bd7 16. Rc1 Be8 17. Nd2 f6 18. Bxg6 Bxg6 19. Nf4 Bf5 20. g4 fxe5 21. dxe5 Bg5 22. gxf5 Bxf4 23. fxe6 Rf5 24. Qc2 Raf8 25. h3 Qd8 26. Rcd1 Qh4 27. Qd3 Rh5 28. Kh1 Qg4 0-1

[Event "Paul Keres mem (30th)"]
[Site "Vancouver CAN"]
[Date "2005.05.21"]
[Round "3.9"]
[White "Ingram, Richard"]
[Black "Yousefzadeh, Mehrdad"]
[Result "1-0"]
[WhiteElo "2088"]
[BlackElo "1988"]
[PlyCount "123"]
[GameId "2160767910968261"]
[EventDate "2005.05.20"]
[EventType "swiss"]
[EventRounds "7"]
[EventCountry "CAN"]

1. e4 Nf6 2. e5 Nd5 3. d4 d6 4. c4 Nb6 5. exd6 exd6 6. Nf3 Be7 7. Bd2 Nc6 8. d5 Ne5 9. Nxe5 dxe5 10. Bc3 Nd7 11. Nd2 O-O 12. Nf3 Bd6 13. Be2 f5 14. b4 b6 15. Qd2 Qe7 16. Qg5 Nf6 17. O-O Re8 18. Rab1 Ne4 19. Qxe7 Rxe7 20. Rfc1 g5 21. Be1 Rg7 22. Nd2 Nf6 23. c5 Be7 24. Bc4 Kf8 25. Bb5 Bd7 26. Bc6 Bxc6 27. dxc6 Nd5 28. Nc4 Bf6 29. Rd1 Rd8 30. Rd2 Ke7 31. Rbd1 Ke6 32. cxb6 axb6 33. Ne3 Nxe3 34. Rxd8 Nxd1 35. Rxd1 Rg8 36. Rd7 Rg7 37. Rd1 e4 38. b5 Be5 39. Bb4 Rg8 40. Rd7 Rg7 41. Rd8 h5 42. Re8+ Kd5 43. Rxe5+ Kxe5 44. Bc3+ Kd5 45. Bxg7 Kc5 46. Be5 Kxb5 47. Bxc7 Kxc6 48. Bd8 g4 49. a4 f4 50. a5 bxa5 51. Bxa5 Kd5 52. Bd2 Ke5 53. Kf1 f3 54. Be3 Kd5 55. gxf3 exf3 56. h3 Ke4 57. Bb6 Kf4 58. Bc7+ Ke4 59. hxg4 hxg4 60. Kg1 Kf5 61. Kh2 Kg5 62. Kg3 1-0

[Event "Paul Keres mem (30th)"]
[Site "Vancouver CAN"]
[Date "2005.05.21"]
[Round "3.10"]
[White "Radzikowski, Marek"]
[Black "Pitre, Hanniegn"]
[Result "1-0"]
[WhiteElo "2083"]
[BlackElo "1987"]
[PlyCount "79"]
[GameId "2160767910968262"]
[EventDate "2005.05.20"]
[EventType "swiss"]
[EventRounds "7"]
[EventCountry "CAN"]

1. g3 Nf6 2. Bg2 d5 3. Nf3 c5 4. O-O Nc6 5. d3 e5 6. Bg5 Be6 7. Nc3 Be7 8. Bxf6 Bxf6 9. e4 d4 10. Nd5 O-O 11. Nd2 Bg5 12. c4 f6 13. f4 Bh6 14. a3 Qd6 15. Rb1 a5 16. b3 Ra6 17. Rb2 Nb8 18. Qf3 Nd7 19. h4 Raa8 20. f5 Bxd5 21. exd5 Bxd2 22. Rxd2 a4 23. Qd1 Nb6 24. Rb2 axb3 25. Rxb3 Ra6 26. Be4 Rfa8 27. Qb1 Na4 28. Qc2 b6 29. Ra1 Rb8 30. g4 Nc3 31. Qg2 b5 32. cxb5 Rxb5 33. Rxb5 Nxb5 34. Qb2 Nc3 35. Qb7 h6 36. Qc8+ Kh7 37. g5 hxg5 38. hxg5 fxg5 39. Kg2 g6 40. Rh1+ 1-0

[Event "Paul Keres mem (30th)"]
[Site "Vancouver CAN"]
[Date "2005.05.21"]
[Round "3.11"]
[White "Long, Hugh"]
[Black "Hughey, Micah"]
[Result "1/2-1/2"]
[WhiteElo "1761"]
[BlackElo "2057"]
[PlyCount "34"]
[GameId "2160767910968263"]
[EventDate "2005.05.20"]
[EventType "swiss"]
[EventRounds "7"]
[EventCountry "CAN"]

1. c4 e6 2. g3 d5 3. cxd5 exd5 4. d4 c5 5. Nf3 Nc6 6. Bg2 Nf6 7. O-O Be7 8. dxc5 Bxc5 9. e3 O-O 10. Qc2 Bb6 11. a3 Bg4 12. h3 Be6 13. Rd1 Rc8 14. Nc3 h6 15. Bd2 Qe7 16. Be1 Rfd8 17. Qa4 a6 1/2-1/2

[Event "Paul Keres mem (30th)"]
[Site "Vancouver CAN"]
[Date "2005.05.21"]
[Round "3.12"]
[White "Niksic, John"]
[Black "Chan, James"]
[Result "1/2-1/2"]
[WhiteElo "2059"]
[BlackElo "1951"]
[PlyCount "66"]
[GameId "2160767910968264"]
[EventDate "2005.05.20"]
[EventType "swiss"]
[EventRounds "7"]
[EventCountry "CAN"]

1. Nf3 f5 2. d4 g6 3. c4 Bg7 4. g3 Nf6 5. Nc3 d6 6. Bg2 O-O 7. O-O Qe8 8. Ne1 e5 9. dxe5 dxe5 10. e4 f4 11. gxf4 Nh5 12. Nd5 Na6 13. fxe5 c6 14. Nf6+ Nxf6 15. exf6 Bxf6 16. f4 Be6 17. e5 Rd8 18. Qe2 Bf5 19. Be3 Be7 20. Rd1 Nc5 21. Rxd8 Qxd8 22. Qd2 Qc8 23. Nf3 Be4 24. Nd4 Qg4 25. Kh1 Qh5 26. Bxe4 Nxe4 27. Qg2 Nc5 28. f5 Nd3 29. f6 Bc5 30. Qe4 Nxe5 31. Nf5 Bxe3 32. Qxe5 gxf5 33. Qe6+ Qf7 1/2-1/2

[Event "Paul Keres mem (30th)"]
[Site "Vancouver CAN"]
[Date "2005.05.21"]
[Round "3.13"]
[White "Schuetzhold, Ralf"]
[Black "Gaulin, Richard"]
[Result "1-0"]
[WhiteElo "2016"]
[BlackElo "1475"]
[PlyCount "59"]
[GameId "2160767910968265"]
[EventDate "2005.05.20"]
[EventType "swiss"]
[EventRounds "7"]
[EventCountry "CAN"]

1. e4 e5 2. Nf3 Nc6 3. d4 exd4 4. Bc4 Be7 5. c3 d6 6. cxd4 Nf6 7. Nc3 O-O 8. O-O Bg4 9. Be3 a6 10. a4 Nb8 11. Be2 Nbd7 12. Qc2 c6 13. Rad1 Qc7 14. h3 Bxf3 15. Bxf3 Rac8 16. Be2 Rfe8 17. Rc1 Bf8 18. f4 Re7 19. e5 dxe5 20. dxe5 Qb8 21. Bf2 Ne8 22. Nd5 Re6 23. Bg4 Nxe5 24. fxe5 Qxe5 25. Bxe6 fxe6 26. Ne3 Bd6 27. Ng4 Qh5 28. Bc5 Rd8 29. Bxd6 Rxd6 30. Qf2 1-0

[Event "Paul Keres mem (30th)"]
[Site "Vancouver CAN"]
[Date "2005.05.21"]
[Round "3.14"]
[White "Kostin, Andrey"]
[Black "Burke, Paul"]
[Result "0-1"]
[WhiteElo "1974"]
[BlackElo "1991"]
[PlyCount "40"]
[GameId "2160767910968266"]
[EventDate "2005.05.20"]
[EventType "swiss"]
[EventRounds "7"]
[EventCountry "CAN"]

1. e4 c5 2. Nf3 Nc6 3. Bb5 g6 4. O-O Bg7 5. Re1 Nf6 6. e5 Nd5 7. Nc3 Nc7 8. Bxc6 dxc6 9. Ne4 Ne6 10. d3 O-O 11. Be3 b6 12. c3 Ba6 13. d4 Qd5 14. Qc2 Rad8 15. dxc5 Bd3 16. Qa4 b5 17. Qxa7 Bxe4 18. Qxe7 Bxf3 19. gxf3 Qxf3 20. a4 Qg4+ 0-1

[Event "Paul Keres mem (30th)"]
[Site "Vancouver CAN"]
[Date "2005.05.21"]
[Round "3.15"]
[White "Mandic, Slaven"]
[Black "Lister, Curtis"]
[Result "1/2-1/2"]
[WhiteElo "1978"]
[BlackElo "1936"]
[PlyCount "73"]
[GameId "2160767910968267"]
[EventDate "2005.05.20"]
[EventType "swiss"]
[EventRounds "7"]
[EventCountry "CAN"]

1. f4 Nc6 2. e4 e5 3. d3 d5 4. exd5 Qxd5 5. Nc3 Bb4 6. Bd2 Qd8 7. Qe2 Nf6 8. O-O-O Bg4 9. Nf3 O-O 10. fxe5 Re8 11. Qf2 Nxe5 12. h3 Bh5 13. g4 Bg6 14. Nxe5 Rxe5 15. Be2 Qe7 16. Bf3 c6 17. h4 h5 18. gxh5 Bxh5 19. Bxh5 Nxh5 20. Rde1 Bxc3 21. Bxc3 Re6 22. Qf3 Rxe1+ 23. Rxe1 Qxh4 24. Bd2 Nf6 25. Rg1 Re8 26. Qg2 g6 27. Rh1 Qg4 28. Qf2 Nh5 29. Rf1 Re7 30. Qxa7 Ng3 31. Qb8+ Kh7 32. Bc3 Ne2+ 33. Kb1 Nxc3+ 34. bxc3 Qg2 35. Qf4 Kg8 36. Rf2 Qd5 37. Rf1 1/2-1/2

[Event "Paul Keres mem (30th)"]
[Site "Vancouver CAN"]
[Date "2005.05.21"]
[Round "3.16"]
[White "Jiang, Louie"]
[Black "Sullivan, Brian"]
[Result "1-0"]
[WhiteElo "1790"]
[BlackElo "1706"]
[PlyCount "53"]
[GameId "2160767910968268"]
[EventDate "2005.05.20"]
[EventType "swiss"]
[EventRounds "7"]
[EventCountry "CAN"]

1. e4 c5 2. Nf3 d6 3. d4 cxd4 4. Nxd4 e5 5. Nb3 Be6 6. Nc3 Nd7 7. Be3 Ngf6 8. f3 Nb6 9. g4 Be7 10. Qd2 a6 11. O-O-O Rc8 12. h4 Nc4 13. Bxc4 Rxc4 14. g5 Nh5 15. Kb1 O-O 16. Nd5 Bxd5 17. Qxd5 Qc7 18. c3 b5 19. Rhf1 Nf4 20. Bxf4 exf4 21. Qf5 b4 22. cxb4 Rb8 23. a3 d5 24. Rc1 Bd6 25. Qxd5 Rc8 26. Rxc4 Qxc4 27. Rc1 1-0

[Event "Paul Keres mem (30th)"]
[Site "Vancouver CAN"]
[Date "2005.05.21"]
[Round "3.17"]
[White "Raymer, Evan"]
[Black "Collins, Casey"]
[Result "1-0"]
[WhiteElo "1651"]
[BlackElo "1716"]
[PlyCount "65"]
[GameId "2160767910968269"]
[EventDate "2005.05.20"]
[EventType "swiss"]
[EventRounds "7"]
[EventCountry "CAN"]

1. e4 e5 2. Nf3 Nc6 3. Bc4 Nf6 4. d3 Bc5 5. Nc3 d6 6. Na4 Bb6 7. Nxb6 axb6 8. a3 O-O 9. Bg5 h6 10. Bh4 Be6 11. Bxe6 fxe6 12. Qd2 Ne7 13. O-O Ng6 14. Rae1 Ra5 15. Bg3 Nh5 16. d4 exd4 17. Nxd4 Qe7 18. Qe2 Nxg3 19. hxg3 Qf6 20. Qc4 d5 21. e5 Qe7 22. Qe2 c6 23. Qg4 Kf7 24. f4 c5 25. Nb3 Ra4 26. Qh5 Re4 27. Rxe4 dxe4 28. f5 exf5 29. Rxf5+ Kg8 30. Qxg6 e3 31. e6 e2 32. Rxf8+ Qxf8 33. Qf7+ 1-0

[Event "Paul Keres mem (30th)"]
[Site "Vancouver CAN"]
[Date "2005.05.22"]
[Round "4"]
[White "Yearwood, Roy"]
[Black "Meng, Fanhao"]
[Result "1/2-1/2"]
[WhiteElo "2072"]
[BlackElo "2272"]
[PlyCount "92"]
[GameId "2160767910968270"]
[EventDate "2005.05.20"]
[EventType "swiss"]
[EventRounds "7"]
[EventCountry "CAN"]
[SourceTitle "CBM 106 Extra"]
[Source "ChessBase"]
[SourceDate "2005.07.01"]
[SourceVersion "1"]
[SourceVersionDate "2005.07.01"]
[SourceQuality "1"]

1. e4 c6 2. c4 e5 3. Nc3 d6 4. Nf3 Nd7 5. Be2 Be7 6. O-O Ngf6 7. d4 O-O 8. b3 Re8 9. Qc2 Bf8 10. Rd1 Qc7 11. h3 b6 12. Be3 Bb7 13. Rac1 Rac8 14. d5 c5 15. Qd2 Be7 16. Bd3 Rf8 17. Ne2 Ne8 18. g4 Rb8 19. Ng3 a6 20. Nf5 Qd8 21. Kg2 Bc8 22. a4 Rb7 23. Ra1 a5 24. Rh1 Kh8 25. Rag1 g6 26. Ng3 Ng7 27. Bh6 Nf6 28. Kf1 Ng8 29. Ke1 f6 30. Rg2 Rf7 31. Ne2 Nxh6 32. Qxh6 Bf8 33. h4 Kg8 34. Qe3 Ne8 35. g5 Ng7 36. gxf6 Nh5 37. Qg5 Qxf6 38. Qxh5 Qxf3 39. Qxf3 Rxf3 40. Rg3 Rxg3 41. fxg3 Rf7 42. Rf1 Bh6 43. Nc3 Bd7 44. Rxf7 Kxf7 45. Be2 Be3 46. Bf3 Ke7 1/2-1/2

[Event "Paul Keres mem (30th)"]
[Site "Vancouver CAN"]
[Date "2005.05.22"]
[Round "4.1"]
[White "Schulte, Oliver"]
[Black "Yoos, John"]
[Result "1/2-1/2"]
[WhiteElo "2435"]
[BlackElo "2417"]
[PlyCount "57"]
[GameId "2160767910968271"]
[EventDate "2005.05.20"]
[EventType "swiss"]
[EventRounds "7"]
[EventCountry "CAN"]

1. e4 c5 2. Nf3 d6 3. c3 Nf6 4. h3 Bd7 5. Bd3 Bc6 6. Qe2 Nbd7 7. Bc2 e6 8. O-O Be7 9. d4 O-O 10. Nbd2 Re8 11. Re1 Nf8 12. Nf1 Qc7 13. Ng3 Ng6 14. Bg5 b6 15. Rad1 Rad8 16. c4 h6 17. Be3 e5 18. d5 Bd7 19. Nf5 Nh7 20. Qd2 Rb8 21. g4 Qd8 22. Kh2 a6 23. Rg1 Bc8 24. b4 Bg5 25. Nxg5 hxg5 26. bxc5 bxc5 27. Ba4 Kf8 28. Rb1 Bxf5 29. gxf5 1/2-1/2

[Event "Paul Keres mem (30th)"]
[Site "Vancouver CAN"]
[Date "2005.05.22"]
[Round "4.2"]
[White "Orlov, Georgi"]
[Black "Wu, Howard"]
[Result "0-1"]
[WhiteElo "2612"]
[BlackElo "2160"]
[PlyCount "116"]
[GameId "2160767910968272"]
[EventDate "2005.05.20"]
[EventType "swiss"]
[EventRounds "7"]
[EventCountry "CAN"]

1. d4 Nf6 2. c4 c5 3. Nf3 g6 4. g3 Bg7 5. Bg2 O-O 6. O-O cxd4 7. Nxd4 Nc6 8. Nc3 Nxd4 9. Qxd4 d6 10. Bg5 Be6 11. Qh4 Rc8 12. b3 Qa5 13. Rac1 b5 14. Nxb5 Qxa2 15. Nd4 Rc5 16. Ra1 Qb2 17. Rab1 Qc3 18. Rfc1 Qb4 19. Nc6 Rxc6 20. Bxc6 Bf5 21. e4 Be6 22. Qf4 Ng4 23. Qd2 Qxd2 24. Bxd2 Ne5 25. Bc3 Nxc6 26. Bxg7 Kxg7 27. b4 Rb8 28. b5 Ne5 29. Ra1 Nxc4 30. Rxa7 Rxb5 31. Rxe7 Ne5 32. f4 Nf3+ 33. Kg2 Bg4 34. Kf2 Rb2+ 35. Ke3 Rb3+ 36. Kf2 Nd4 37. Rc4 Ne6 38. Ra4 Nc5 39. Raa7 Be6 40. Kg1 h5 41. f5 gxf5 42. exf5 Bd5 43. Re2 Nd3 44. Ra1 Ne5 45. Rc1 Nf3+ 46. Kf1 Rb4 47. Rf2 Be4 48. Ke2 d5 49. Rc3 Nd4+ 50. Ke3 Nxf5+ 51. Kf4 Nh6 52. Kg5 Bg6 53. Rf4 d4 54. Rc5 Rb2 55. Rxd4 Rxh2 56. Rd7 Rf2 57. Rc6 Rf5+ 58. Kh4 Rf3 0-1

[Event "Paul Keres mem (30th)"]
[Site "Vancouver CAN"]
[Date "2005.05.22"]
[Round "4.5"]
[White "Schuetzhold, Ralf"]
[Black "Kaminski, Victor"]
[Result "0-1"]
[WhiteElo "2016"]
[BlackElo "2173"]
[PlyCount "80"]
[GameId "2160767910968274"]
[EventDate "2005.05.20"]
[EventType "swiss"]
[EventRounds "7"]
[EventCountry "CAN"]

1. e4 c5 2. c3 Nf6 3. e5 Nd5 4. d4 cxd4 5. Nf3 e6 6. cxd4 b6 7. Nc3 Nxc3 8. bxc3 Qc7 9. Bd2 Bb7 10. Bd3 d6 11. O-O Nd7 12. Bf4 Rd8 13. Re1 Be7 14. Rc1 O-O 15. Re3 dxe5 16. Nxe5 Nxe5 17. Bxe5 Bd6 18. Rh3 g6 19. Bf6 Be7 20. Be5 Qc6 21. f3 f6 22. Bg3 Rf7 23. Qe1 Bc8 24. Rh4 f5 25. Rh3 f4 26. Bh4 e5 27. Bxe7 Rxe7 28. Qh4 Rde8 29. g4 exd4 30. Be4 Qc5 31. Bxg6 d3+ 32. Kh1 hxg6 33. Qh8+ Kf7 34. Qh7+ Kf6 35. Qh4+ Qg5 36. Qf2 Re2 37. Qd4+ Qe5 38. g5+ Kg7 39. Rh6 Qxd4 40. cxd4 Re1+ 0-1

[Event "Paul Keres mem (30th)"]
[Site "Vancouver CAN"]
[Date "2005.05.22"]
[Round "4.6"]
[White "Davies, Lucas"]
[Black "Lane, Travis"]
[Result "1/2-1/2"]
[WhiteElo "2157"]
[BlackElo "1989"]
[PlyCount "62"]
[GameId "2160767910968275"]
[EventDate "2005.05.20"]
[EventType "swiss"]
[EventRounds "7"]
[EventCountry "CAN"]

1. e4 c5 2. Nf3 Nc6 3. d4 cxd4 4. Nxd4 Nf6 5. Nc3 e5 6. Ndb5 d6 7. Bg5 a6 8. Na3 b5 9. Nd5 Be7 10. Bxf6 Bxf6 11. c3 Ne7 12. Nc2 Nxd5 13. Qxd5 Rb8 14. Ne3 Bb7 15. Qd3 O-O 16. Be2 g6 17. O-O Bg5 18. Rad1 Bxe3 19. Qxe3 Qe7 20. Rd2 Rbd8 21. Ra1 f5 22. Bf3 f4 23. Qe2 g5 24. a4 bxa4 25. Rxa4 Rf6 26. Rb4 Kh8 27. Qd1 Rh6 28. h3 Bc8 29. Rb8 Bb7 30. Rxd8+ Qxd8 31. Qe2 Qc7 1/2-1/2